000
00318nam a22001457a 4500
020
_a
0-07-460236-5
041
_a
ENG
100
_a
Marty .D.S
245
_a
Atomic Physics
260
_a
Delhi
_b
Tata McGraw -Hil Pub
_c
1992
300
_a
220
650
_a
Physics
700
_a
Lakshminarayana .V
856
_u
Physics
999
_c
452
_d
452